LEADER 01047nam a2200217 i 4500 001 000000083556 003 CaOOAMICUS 005 20180207000000.0 008 180207s1987 it u000 u ita u 013 $a55796 040 $aSeMil$bita 100 1 $aFalchini, Cecilia,$c.$0(OLS)http://semarc/name/37869 245 10$aMonachesimo :$bun cammino di unificazione ; Saggio di antropologia monastica nella Regola di Benedetto /$cCecilia Falchini della Comunità di Bose. 260 $aMagnano :$bQiqajon, Comunità di Bose,$cstampa 1987. 300 $a255 p. ;$c21 cm. 650 4$aMonachesimo - Spiritualità.$0(OLS)http://semarc/subject/2566 850 $aSeMil 852 $aSeMil$W1$xVenegono$y1$m3G V 360$j48108$B48108$CSeMilBibl$Z2$F51155 $81 961 $aLascito: Villa mons. Luigi 996 $6245$aMonachesimo :$bun cammino di unificazione ; Saggio di antropologia monastica nella Regola di Benedetto$9(OLS)http://semarc/title/405508 996 $6260$aMagnano :$bQiqajon, Comunità di Bose$9(OLS)http://semarc/publisher/55988 LEADER 01214nam a2200277 i 4500 001 000000362814 003 CaOOAMICUS 005 20250514142426.0 008 250514s1982 gw u000 u ger u 020 $a3-16-144605-4$c(kt) 020 $a3-16-144606-2$c(hb) 040 $aSeMil$bita 100 1 $aEbeling, Gerhard,$d<1912-2001>.$0(OLS)http://semarc/name/605 245 10$a2: Der Glaube an Gott den Versöhner der Welt /$cGerhard Ebeling. 250 $a2. durchgesehene Aufl. 264 1$aTübingen :$bMohr Siebeck,$c1982. 300 $aXVII, 547 p. ;$c23 cm 773 0 $aEbeling, Gerhard <1912-2001>$tDogmatik des christlichen Glaubens.$dTübingen : Mohr Siebeck, 1982-1987.$g2$w()362812 850 $aSeMil 852 $aSeMil$W1$xVenegono$y1$m2B IV 380$j256954$B253712$CSeMilBibl$Z2$F253712 $81 961 $aBuzzi mons. Franco - Omaggio 996 $6020$a3-16-144605-4$c(kt)$9(OLS)http://semarc/number/303187 996 $6020$a3-16-144606-2$c(hb)$9(OLS)http://semarc/number/303188 996 $6245$a2: Der Glaube an Gott den Versöhner der Welt$9(OLS)http://semarc/title/73070 996 $6264$aTübingen :$bMohr Siebeck$9(OLS)http://semarc/publisher/30329